000 01204nam a22003377a 4500
003 CHAP
005 20220329143040.0
008 051020d2005 mx a r 00110 spa d
010 _a91176
011 _a92148
035 _a102711
040 _cCHAP
090 _aTesis
100 0 0 _aCortés Mayor, Emmanuel.
_928375
245 1 0 _aConcentraciones de equilibrio de sales fetilizantes bajo el concepto de entalpía de formación
_c/por Emmanuel Cortés Mayor
260 _aChapingo, Méx. :
_bEl autor,
_c2005.
300 _a103 h. :
_bilus.; gráfs.; cuadros
502 _aTesis (Ing. en Irrigación ) -- UACH. Departamento de Irrigación
590 _aALEPH
_b10
_c20130110
_lUCH01
_h1507
590 _aBATCH-UPD
_b10
_c20130110
_lUCH01
_h0414
590 _aBATCH-UPD
_b10
_c20130410
_lUCH01
_h0048
590 _aBATCH-UPD
_b10
_c20130914
_lUCH01
_h1052
590 _aCONVERSION
_b10
_c20130109
_lUCH01
_h1350
650 1 4 _aEquilibrio químico.
_937258
650 1 4 _aSales
_xEfectos fisiológicos.
_9101563
901 _aBK
905 _aElisama A. H.
942 _cFOLL
949 _aTesis
_bBC
_cTES
_d102711
_eTS1
_h43900
_i102711
_sb
949 _aTesis
_bBC
_cTES
_d33724000961959
_eTS2
_fc.2
_h43901
_i102711
_sb
999 _c91176
_d91176